Ciudades para todos. La experiencia reciente en programas de mejoramiento de barrios (Record no. 53286)
[ view plain ]
| 000 -LEADER | |
|---|---|
| fixed length control field | 01252nam a2200301Ia 4500 |
| 100 1# - MAIN ENTRY--AUTHOR NAME | |
| Personal name | Brakarz, Jose. |
| 245 10 - TITLE STATEMENT | |
| Title | Ciudades para todos. La experiencia reciente en programas de mejoramiento de barrios |
| 260 ## - PUBLICATION, DISTRIBUTION, ETC. (IMPRINT) | |
| Place of publication | Washington, D.C. : |
| Name of publisher | Banco Interamericano de Desarrollo, |
| Year of publication | c2002. |
| 300 ## - PHYSICAL DESCRIPTION | |
| Number of Pages | ix, 130 p. |
| 650 #0 - SUBJECT ADDED ENTRY--TOPICAL TERM | |
| Topical Term | Community development, Urban |
| Topical Term | City planning |
| 700 1# - ADDED ENTRY--PERSONAL NAME | |
| Personal name | Rojas, Eduardo. |
| Personal name | Green, Margarita. |
| 856 40 - ELECTRONIC LOCATION AND ACCESS | |
| Uniform Resource Identifier | http://site.ebrary.com/lib/rucke/Doc?id=10091333 |
No items available.
